00687nac a22001931u 4500020001500000082001700015090001500032100003400047245008800081260004000169300003100209500002600240504004100266511002600307700001900333942002000352999001500372952010600387 a9054107731 a624.153bSAR c5947d5947 a20080729  aGeohorizon :b state of art in geosynthetics technology /cedited by Som S. Sarkar. aRotterdam :b Balkema, 1998.c1998 ax,321p. :b ill. ;c 29cm. adistributer: Al-Ahram aIncludes bibliographical references. acatalogued by: wessam aSarkar, Som S. cBBk624.153 SAR c5947d5947 00104070aMAINbMAINc1STd2007-11-08ePurchasel0o624.153 SARp000007144r2025-07-15 00:00:00yBB